50 największych państw według powierzchni z mapą - Statystyki

Ogólne statystyki
  • Ten quiz został rozwiązany 298 razy
  • Średni wynik to 18 z 50
Odpowiedzi na mapie
Odpowiedzi zakodowano w zielono-czerwonej skali na mapie do tego quizu, zgodnie z poniższymi procentami.
 
Statystyki odpowiedzi
Lp. Powierzchnia km^2 Państwo % Poprawnych
1 17 098 242 Rosja
100%
2 9 984 670 Kanada
94%
3 9 596 960 Chiny
89%
4 9,525,067 Stany Zjednoczone
86%
5 8 515 767 Brazylia
82%
6 7 682 300 Australia
79%
7 3 287 263 Indie
75%
8 2 780 400 Argentyna
71%
9 2 724 900 Kazachstan
67%
10 2 381 741 Algieria
59%
11 2 344 858 Demokratyczna Republika Konga
57%
12 2 149 690 Arabia Saudyjska
53%
13 1 964 375 Meksyk
53%
14 1 904 569 Indonezja
46%
17 1 648 195 Iran
44%
16 1 759 540 Libia
44%
18 1 564 116 Mongolia
44%
15 1 861 484 Sudan
44%
19 1 285 216 Peru
37%
21 1 267 000 Niger
35%
20 1 284 000 Czad
34%
22 1 246 700 Angola
30%
23 1 240 192 Mali
29%
24 1 219 090 Republika Południowej Afryki
29%
29 1 001 450 Egipt
27%
26 1 104 300 Etiopia
25%
25 1 138 910 Kolumbia
25%
27 1 098 581 Boliwia
24%
28 1 030 700 Mauretania
22%
30 947 300 Tanzania
20%
36 783 562 Turcja
20%
35 796 095 Pakistan
19%
33 824 292 Namibia
18%
31 923 768 Nigeria
18%
32 912 050 Wenezuela
18%
37 756 102 Chile
17%
34 799 380 Mozambik
16%
44 603 550 Ukraina
16%
38 752 618 Zambia
16%
39 676 578 Mjanma
15%
40 652 230 Afganistan
14%
42 637 657 Somalia
12%
41 644 329 Sudan Południowy
12%
43 622 984 Republika Środkowoafrykańska
11%
46 581 730 Botswana
10%
48 551 500 Francja
10%
49 527 968 Jemen
10%
45 587 041 Madagaskar
10%
50 513 120 Tajlandia
10%
47 580 367 Kenia
9%
Nie znaleziono quizów pasujących do podanych kryteriów
Rozkład punktacji
Procent ludzi z każdym wynikiem
Percentyl według liczby udzielonych odpowiedzi
Twoja historia wyników
Nie rozwiązałeś tego quizu